Fr. Conceicao Rodrigues College of Engineering

Family Album (Record no. 32088)

MARC details
000 -LEADER
fixed length control field 00337nam a2200169Ia 4500
082 ## - DEWEY DECIMAL CLASSIFICATION NUMBER
Classification number 808.83
Item number DAN
100 ## - MAIN ENTRY--PERSONAL NAME
Personal name Danielle/Steel
245 ## - TITLE STATEMENT
Title Family Album
260 ## - PUBLICATION, DISTRIBUTION, ETC.
Name of publisher, distributor, etc. Sphers
Date of publication, distribution, etc. 1985
366 ## - TRADE AVAILABILITY INFORMATION
Publishers's discount category 20
300 ## - PHYSICAL DESCRIPTION
Extent 400
546 ## - LANGUAGE NOTE
Language note ENGLISH
-- Computers
650 ## - SUBJECT ADDED ENTRY--TOPICAL TERM
Topical term or geographic name entry element Fiction
654 ## - SUBJECT ADDED ENTRY--FACETED TOPICAL TERMS
Focus term Family album
942 ## - ADDED ENTRY ELEMENTS (KOHA)
Koha item type BOOK
Holdings
Withdrawn status Lost status Damaged status Not for loan Collection Home library Current library Date acquired Source of acquisition Cost, normal purchase price Inventory number Total Checkouts Full call number Barcode Date last seen Cost, replacement price Price effective from Koha item type
        CRC Fr. Agnel's C.Rodrigues College of Engineering Fr. Agnel's C.Rodrigues College of Engineering 17/03/2023 Book Service Syndicate 300.00 63 dt 09.06.2014   808.83 DAN 23266 17/03/2023 375.00   BOOK